000 01055nam a2200253Ia 4500
003 OSt
005 20220923211301.0
006 a|||||r|||| 00| 0
007 ta
008 220922b |||||||| |||| 00| 0 hin d
020 _a9788179171264 (hbk)
_c725
024 _a245,307
037 _b368, 11/02/2011, Swaraj Prakashan
_cTextual
040 _aARTS
_cARTS
_bhin
041 _2hin
_ahin
082 _aO111,3:g(V), 152P9
100 _aलूकाच, ज्यॉर्जी; चौहान, कर्णसिंह, अनु.
_9160150
245 0 _aइतिहास दृष्टि और ऐतिहासिक उपन्यास
246 _aItihās dṛuṣhṭi aur aitihāsik upanyāsa
260 _aनई दिल्ली
_b ग्रंथ शिल्पी
_c2009
300 _a393पृ.
_ccm.
942 _hO111,3:g(V), 152P9
_cTEXL
_2CC
999 _c298115
_d298115